El proceso de industrialización en América Latina

Furkejuvvon:
Bibliográfalaš dieđut
Searvvušdahkki: Banco Interamericano de Desarrollo (Dahkki)
Materiálatiipa: Girji
Giella:espánnjágiella
Almmustuhtton: Ciudad de Guatemala Banco Interamericano de Desarrollo 1969
Fáttát:
Fáddágilkorat: Lasit fáddágilkoriid
Eai fáddágilkorat, Lasit vuosttaš fáddágilkora!

MARC

LEADER 00000nam a2200000 a 4500
001 UCT7717
003 CL-VaPUC
008 970317e19690000gt |||||||||||||||||spa|d
082 0 4 |a 338.09  |b BAN  |2 21 
110 2 |a Banco Interamericano de Desarrollo  |e author  |9 378753 
245 1 3 |a El proceso de industrialización en América Latina 
300 |a 332 p 
942 |c BK 
945 |d 19970317 00:00:00  |a nastorga 
260 |a Ciudad de Guatemala  |b Banco Interamericano de Desarrollo  |c 1969 
650 0 |a Industrialización  |9 263687 
650 0 |a Estado  |9 255503 
650 0 |a Desarrollo industrial  |9 322675 
650 0 |a Tecnología  |9 256742 
650 0 |a Desarrollo económico y social   |9 256320 
650 7 |a FINANCIAMIENTO  |2 CL-VaPUC  |9 358995 
650 7 |a INSTITUCIONES FINANCIERAS  |2 CL-VaPUC  |9 257940 
583 |a last modification  |c 20171004 05:07:37  |k Rodrigo Vera 
999 |c 256265  |d 256263 
952 |0 0  |1 0  |4 0  |6 338_090000000000000_BAN_1969  |7 0  |8 A  |9 278920  |a BIBDER  |b BIBDER  |d 2019-11-19  |i 1810111  |o 338.09 BAN 1969  |p 1810111  |r 2023-01-25  |w 2019-11-19  |y BK  |k DER